00768 a2200217 4500010001400000020002300014035001300037037001800050082001300068090001500081100002300096245006300119260004900182270008400231300002900315500002000344710000600364942002800370999001500398952013700413 aENG-85139 a8131301915c595.00 aEN-68672 bD.B.Act / Pub14a363.7063 c1499d14991 aShrivastava, A. K.1 aEnvironment monitoring and evaluationcby A. K.Shrivastava aNew DelhibAPH Publishing Corporatioonc2007 a5, Ansari Road, Darya GanjbNew Delhie110 002maphbooks@vsnl.netk011 23274050 axii, 238 p.b22cm. (Hb) aIncludes index a. adplcENk363.7063 / SRI c1483d1483 00102ddc40718NFICaDBADbDBADeDBAD/PUBg595.00l0o363.7063 SHRpEN-68672r2008-09-15 00:00:00t1u1555v595.00w2008-09-15yEN